The interpersonal communication book / (Record no. 4147)

000 -LEADER
fixed length control field 00880pam a2200265 a 4500
001 - CONTROL NUMBER
control field 1123178
005 - DATE AND TIME OF LATEST TRANSACTION
control field 20190523153037.0
008 - FIXED-LENGTH DATA ELEMENTS--GENERAL INFORMATION
fixed length control field 940301s1995 nyua b 001 0 eng
010 ## - LIBRARY OF CONGRESS CONTROL NUMBER
LC control number 94005005
020 ## - INTERNATIONAL STANDARD BOOK NUMBER
International Standard Book Number 0673991776
040 ## - CATALOGING SOURCE
Original cataloging agency DLC
Transcribing agency DLC
Modifying agency DLC
050 00 - LIBRARY OF CONGRESS CALL NUMBER
Classification number BF637.C45
Item number D49 1995
082 00 - DEWEY DECIMAL CLASSIFICATION NUMBER
Classification number 302.2
Edition number 7
100 1# - MAIN ENTRY--PERSONAL NAME
Personal name DeVito, Joseph A.
Dates associated with a name 1995
245 14 - TITLE STATEMENT
Title The interpersonal communication book /
Statement of responsibility, etc Joseph A. DeVito.
250 ## - EDITION STATEMENT
Edition statement 7th ed.
260 ## - PUBLICATION, DISTRIBUTION, ETC. (IMPRINT)
Place of publication, distribution, etc New York, NY :
Name of publisher, distributor, etc HarperCollins College Publishers,
Date of publication, distribution, etc c1995.
300 ## - PHYSICAL DESCRIPTION
Extent 1 v. (various pagings) :
Other physical details col. ill. ;
Dimensions 24 cm.
504 ## - BIBLIOGRAPHY, ETC. NOTE
Bibliography, etc Includes bibliographical references and index.
650 #0 - SUBJECT ADDED ENTRY--TOPICAL TERM
Topical term or geographic name as entry element Interpersonal communication.
760 ## - MAIN SERIES ENTRY
Edition 7th ed
906 ## - LOCAL DATA ELEMENT F, LDF (RLIN)
a 7
b cbc
c orignew
d 1
e ocip
f 19
g y-gencatlg
942 ## - ADDED ENTRY ELEMENTS (KOHA)
Source of classification or shelving scheme
Item type Book
Holdings
Withdrawn status Lost status Source of classification or shelving scheme Damaged status Not for loan Home library Current library Shelving location Date acquired Total Checkouts Full call number Barcode Date last seen Copy number Price effective from Koha item type
          Riara University Library Riara University Library General stack 23/05/2019   BF637.C45D49 1995 10235/19 23/05/2019 C.1 23/05/2019 Book

Riara University Library,
P.O. Box 49940-00100,
Nairobi, Kenya.